Top 10 des marques les plus valorisées au monde - Statistiques

Statistiques générales
  • Ce quiz a été pris 64 fois
  • Le résultat moyen est 4 sur 10
Statistiques - réponses
Hint Réponse % Correct
503 Mrd$ Apple
83%
53 Mrd$ Nike
60%
91 Mrd$ Samsung
48%
276 Mrd$ Amazon
43%
316 Mrd$ Microsoft
43%
260 Mrd$ Google
38%
58 Mrd$ Coca-Cola
28%
51 Mrd$ BMW
18%
64 Mrd$ Toyota
12%
61 Mrd$ Mercedes-Benz
7%
Aucun quiz correspondant
Distribution des résultats
% des personnes avec chaque résultat
Percentile par nombre de réponses
Votre historique - résultats
Vous n’avez pas pris ce quiz